|
|
|
|
| LEADER |
01803nam a22003852a 4500 |
| 001 |
000120849 |
| 003 |
CZ BrMZK |
| 005 |
20180828145438.0 |
| 007 |
ta |
| 008 |
010907s1989 xr f cze d |
| 015 |
|
|
|a cnb000057313
|
| 035 |
|
|
|a (OCoLC)39437036
|
| 040 |
|
|
|a BOA001
|c ze
|d BOA003
|
| 080 |
9 |
|
|a 631.3(075.8)
|
| 080 |
9 |
|
|a 628.2(075.8)
|
| 100 |
1 |
|
|a Šerek, Milan,
|d -1990
|7 jk01122773
|4 aut
|
| 245 |
1 |
0 |
|a Stokování a odvodnění :
|b vodohospodářské tabulky /
|c Milan Šerek, Jan Šálek, Jan Mičín
|
| 250 |
|
|
|a 5. vyd.
|
| 260 |
|
|
|a Brno :
|b Vysoké učení technické,
|c 1989
|
| 300 |
|
|
|a 238 s.
|
| 490 |
1 |
|
|a Učební texty vysokých škol / České vysoké učení technické v Praze. Stavební fakulta
|
| 504 |
|
|
|a Obsahuje bibliografii
|
| 700 |
1 |
|
|a Šálek, Jan,
|d 1934-
|7 jk01122431
|4 aut
|
| 700 |
1 |
|
|a Mičín, Jan,
|d 1951-2008
|7 mzk2003188999
|4 aut
|
| 810 |
2 |
|
|a České vysoké učení technické v Praze.
|t Učební texty vysokých škol
|0 s
|
| 910 |
|
|
|a BOA001
|b TK-A-0243.872
|b 4-0941.740
|
| 920 |
|
|
|a 000244291
|
| 964 |
|
|
|a Stokování - odvodňování - tabulky vodohospodářské - učebnice - školy vysoké
|
| 964 |
|
|
|a Odvodňování - stokování - tabulky vodohospodářské - učebnice - školy vysoké
|
| 990 |
|
|
|a BK
|
| 996 |
6 |
|
|b 2619835120
|c 4-0941.740
|l MZK
|r Sklad / do 1 hodiny
|n 0
|w 000120849
|u 000070
|a 1
|e BOA001
|j MZK50
|s P
|
| 996 |
7 |
|
|b 2619873110
|c 4-0941.740
|l MZK
|r Sklad / do 1 hodiny
|n 5
|w 000120849
|u 000060
|a 1
|e BOA001
|j MZK50
|s A
|
| 996 |
7 |
|
|b 2629974277
|c TK-A-0243.872
|l MZK
|r Sklad / do 24 hodin
|n 7
|w 000120849
|u 000030
|a 1
|e BOA001
|j MZK50
|s A
|
| 996 |
7 |
|
|b 2629974278
|c TK-A-0243.872
|l MZK
|r Sklad / do 24 hodin
|n 8
|w 000120849
|u 000020
|a 1
|e BOA001
|j MZK50
|s A
|
| 996 |
7 |
|
|b 2629981383
|c TK-A-0243.872
|l MZK
|r Sklad / do 24 hodin
|n 8
|w 000120849
|u 000010
|a 1
|e BOA001
|j MZK50
|s A
|